000 00673nam a2200253Ia 4500
001 34347
005 20240114001726.0
007 ta
008 070219s1973 a g b000 u asm u
040 _aCotton College,Assam
041 _aasm
082 _a920.9
_bB 469 Am
100 _aBhattacharyya, Hiren.
245 0 _aAmar Majar Brajen Barua /
_cHiren Bhattacharyya.
_hTextual Documents
250 _a1st ed. /
260 _aGuwahati :
_bLawyers Book Stall ,
_c1973.
300 _a51p. :
_bill ;
_c19cm .
653 _aBiography-Brajen Barua
653 _aG-Biography
942 _2ddc
_cBK
999 _c34329
_d34329